Vývoj požadavků na odborný a dovednostní profil controllera v kontextu globální ekonimické krize

Úlohy kontrolera a manažera pri realizácii kontrolingu. Náplň práce kontrolera a manažéra a podpora manažmentu. Popis činností kontrolera. Nový kontroling vo vzťahu kontroler-manažér.

Gespeichert in:
Bibliographische Detailangaben
1. Verfasser: Faltejsková, Olga
Weitere Verfasser: Dvořáková, Lilia
Format: Buchkapitel
Sprache:Tschechisch
Schlagworte:
Tags: Tag hinzufügen
Keine Tags, Fügen Sie das erste Tag hinzu!

MARC

LEADER 00000nla a2200000 4500
001 0152751
005 20220718113718.0
041 0 |a cze 
044 |a CZ 
245 1 0 |a Vývoj požadavků na odborný a dovednostní profil controllera v kontextu globální ekonimické krize  |c Olga Faltejsková, Lilia Dvořáková 
520 |a Úlohy kontrolera a manažera pri realizácii kontrolingu. Náplň práce kontrolera a manažéra a podpora manažmentu. Popis činností kontrolera. Nový kontroling vo vzťahu kontroler-manažér. 
610 2 0 |a kontroling 
610 2 0 |a prostredie podnikateľské 
610 2 0 |a Česko 
610 2 0 |a manažéri 
610 2 0 |a manažment 
100 1 |a Faltejsková, Olga 
700 1 |a Dvořáková, Lilia